| 000 | 00752nam a2200217 a 4500 | ||
|---|---|---|---|
| 001 | BRCA_1281 | ||
| 005 | 20190320203347.0 | ||
| 008 | 130508s1984----ag-a---###---#000-0#eng-# | ||
| 020 | _a0876330529 | ||
| 050 | 4 |
_aNK947 _b.R53 1984 |
|
| 100 | 1 |
_aRieder, William _94208 |
|
| 245 | 1 | 0 |
_aFrance, 1700-1800 _cWilliam Rieder. |
| 260 |
_aFiladelfia _bPhiladelphia Museum of Art _c1984 |
||
| 300 |
_a46 p. _bil. (algunas a color) _c15 cm. |
||
| 500 | _a2do. ejemplar en el Área de Investigación | ||
| 504 | _aBibliografía : p. [48] | ||
| 610 | 2 | 4 |
_aPhiladelphia Museum of Art _vCatálogos _91737 |
| 650 | 1 | 4 |
_aArtes decorativas _vCatálogos _xHistoria _ySiglo XVIII _zFrancia _94209 |
| 650 | 1 | 4 |
_aArtes decorativas _vCatálogos _zFiladelfia _94210 |
| 942 |
_2lcc _cB |
||
| 999 |
_c1150 _d1150 |
||